World Currency Quiz - All countries (Hard Mode) - Statistics

General Stats
  • This quiz has been taken 72 times
  • The average score is 147 of 196
Answer Stats
Countries Currency % Correct
Andorra Euro
97%
Australia Dollar
94%
Austria Euro
94%
Argentina Peso
94%
Antigua and Barbuda Dollar
91%
Belgium Euro
91%
Afghanistan Afghani
89%
Bahamas Dollar
89%
Barbados Dollar
89%
Estonia Euro
89%
Finland Euro
89%
France Euro
89%
Germany Euro
89%
Albania Lek
89%
Colombia Peso
89%
China Yuan
89%
Belize Dollar
86%
Canada Dollar
86%
Dominica Dollar
86%
Cyprus Euro
86%
Greece Euro
86%
Lithuania Euro
86%
Benin Franc
86%
Burkina Faso Franc
86%
Cameroon Franc
86%
Central African Republic Franc
86%
Chad Franc
86%
Côte d'Ivoire Franc
86%
Democratic Republic of the Congo Franc
86%
Denmark Krone
86%
Chile Peso
86%
Cuba Peso
86%
Dominican Republic Peso
86%
Belarus Ruble
86%
India Rupee
86%
Algeria Dinar
83%
Bahrain Dinar
83%
Fiji Dollar
83%
Grenada Dollar
83%
Guyana Dollar
83%
Jamaica Dollar
83%
Kiribati Dollar
83%
Armenia Dram
83%
Ireland Euro
83%
Italy Euro
83%
Latvia Euro
83%
Luxembourg Euro
83%
Comoros Franc
83%
Djibouti Franc
83%
Equatorial Guinea Franc
83%
Guinea Franc
83%
Liechtenstein Franc
83%
Czech Republic Koruna
83%
Iceland Krona
83%
Azerbaijan Manat
83%
Bosnia & Herzegovina Mark
83%
Egypt Pound
83%
Brazil Real
83%
Israel Shekel
83%
Japan Yen
83%
Bolivia Boliviano
80%
Iraq Dinar
80%
Jordan Dinar
80%
Kuwait Dinar
80%
Ecuador Dollar
80%
El Salvador Dollar
80%
Marshall Islands Dollar
80%
Croatia Euro
80%
Kosovo Euro
80%
Malta Euro
80%
Burundi Franc
80%
Gabon Franc
80%
Guinea-Bissau Franc
80%
Angola Kwanza
80%
Georgia Lari
80%
Bulgaria Lev
80%
Iran Rial
80%
Indonesia Rupiah
80%
Kenya Shilling
80%
Micronesia (Fed. States) Dollar
77%
New Zealand Dollar
77%
Saint Kitts and Nevis Dollar
77%
Saint Lucia Dollar
77%
Saint Vincent and the Grenadines Dollar
77%
Cape Verde Escudo
77%
Monaco Euro
77%
Netherlands Euro
77%
Portugal Euro
77%
San Marino Euro
77%
Hungary Forint
77%
Mali Franc
77%
Republic of the Congo Franc
77%
Oman Rial
77%
Russia Ruble
77%
Nepal Rupee
77%
Pakistan Rupee
77%
Peru Sol
77%
Bangladesh Taka
77%
North Korea Won
77%
Poland Złoty
77%
Libya Dinar
74%
Brunei Dollar
74%
East Timor Dollar
74%
Liberia Dollar
74%
Nauru Dollar
74%
Palau Dollar
74%
Solomon Islands Dollar
74%
Montenegro Euro
74%
Slovakia Euro
74%
Slovenia Euro
74%
Norway Krone
74%
Moldova Leu
74%
Romania Leu
74%
Mexico Peso
74%
Lebanon Pound
74%
Saudi Arabia Riyal
74%
South Korea Won
74%
Costa Rica Colón
71%
Namibia Dollar
71%
Singapore Dollar
71%
Trinidad and Tobago Dollar
71%
Spain Euro
71%
Niger Franc
71%
Rwanda Franc
71%
Senegal Franc
71%
Switzerland Franc
71%
Togo Franc
71%
Haiti Gourde
71%
Paraguay Guaraní
71%
Sweden Krona
71%
Philippines Peso
71%
South Sudan Pound
71%
Sudan Pound
71%
UK Pound
71%
Guatemala Quetzal
71%
Cambodia Riel
71%
Malaysia Ringgit
71%
Qatar Riyal
71%
Sri Lanka Rupee
71%
Uganda Shilling
71%
Kyrgyzstan Som
71%
Kazakhstan Tenge
71%
Thailand Baht
69%
Panama Balboa
69%
Ghana Cedi
69%
North Macedonia Denar
69%
Suriname Dollar
69%
Taiwan Dollar
69%
United States Dollar
69%
Laos Kip
69%
Turkey Lira
69%
Uruguay Peso
69%
South Africa Rand
69%
Tanzania Shilling
69%
Mongolia Tögrög
69%
Serbia Dinar
66%
Tunisia Dinar
66%
Tuvalu Dollar
66%
Vatican City Euro
66%
Ukraine Hryvnia
66%
Sierra Leone Leone
66%
Nigeria Naira
66%
Eritrea Nakfa
66%
Bhutan Ngultrum
66%
Botswana Pula
66%
Maldives Rufiyaa
66%
Ethiopia Birr
63%
Nicaragua Córdoba
63%
Gambia Dalasi
63%
Morocco Dirham
63%
United Arab Emirates Dirham
63%
Vietnam Dong
63%
Papua New Guinea Kina
63%
Honduras Lempira
63%
Lesotho Loti
63%
Turkmenistan Manat
63%
Syria Pound
63%
Yemen Rial
63%
Mauritius Rupee
63%
Samoa Tālā
63%
Madagascar Ariary
60%
Zimbabwe Gold
60%
Myanmar Kyat
60%
Eswatini Lilangeni
60%
Tonga Paʻanga
60%
Tajikistan Somoni
60%
Vanuatu Vatu
60%
Venezuela Bolívar
57%
Malawi Kwacha
57%
Mozambique Metical
57%
Uzbekistan Som
57%
Zambia Kwacha
54%
Mauritania Ouguiya
54%
Seychelles Rupee
54%
Somalia Shilling
49%
Sao Tome & Principe Dobra
46%
No matching quizzes found
Score Distribution
Percent of People with Each Score
Percentile by Number Answered
Your Score History
You have not taken this quiz